书目信息 |
| 题名: |
南明史
|
|
| 作者: | 顾诚 著 | |
| 分册: | ||
| 出版信息: | 北京 中国青年出版社 1997 |
|
| 页数: | 1142页 | |
| 开本: | 20cm | |
| 丛书名: | ||
| 单 册: | ||
| 中图分类: | K248.4 | |
| 科图分类: | ||
| 主题词: | 南明(1644~1663)--历史 | |
| 电子资源: | ||
| ISBN: | 7-5006-2408-5 | |
| 000 | 00596nam0 2200217 45 | |
| 001 | 0197040546 | |
| 005 | 20050104170248.8 | |
| 010 | @a7-5006-2408-5@b精装@dCNY48.00 | |
| 100 | @a19971121d1997 kemy0chiy0121 ea | |
| 101 | 0 | @achi |
| 102 | @aCN@b110000 | |
| 105 | @ay z 000yy | |
| 200 | 10 | @a南明史@Anan ming shi@f顾诚著@FGu Cheng Zhu |
| 210 | @a北京@c中国青年出版社@d1997 | |
| 215 | @a1142页@d20cm | |
| 606 | @a南明(1644~1663)@x历史 | |
| 607 | @a中国@x历史@z南明(1644~1663) | |
| 690 | @aK248.4@v4 | |
| 701 | 0 | @a顾诚@4著 |
| 801 | 0 | @aCN@bNLC@c19971205 |
| 905 | @b341358-361@dK248.4@e59@f4 | |
| 南明史/顾诚著.-北京:中国青年出版社,1997 |
| 1142页;20cm |
| ISBN 7-5006-2408-5(精装):CNY48.00 |
| ● |
| 相关链接 |
|
|
|
|
正题名:南明史
索取号:K248.4/59
 
预约/预借
| 序号 | 登录号 | 条形码 | 馆藏地/架位号 | 状态 | 备注 |
| 1 | 0341358 | 203413582 | 第二样本阅览室/ [索取号:K248.4/59] | 在馆 | |
| 2 | 0341359 | 203413591 | 第二借阅区/ [索取号:K248.4/59] | 在馆 | |
| 3 | 0341360 | 203413608 | 第二借阅区/ [索取号:K248.4/59] | 在馆 | |
| 4 | 0341361 | 203413617 | 第二借阅区/ [索取号:K248.4/59] | 在馆 |